00452nam a2200157Ia 4500008004100000040001900041041001200060082002800072100001700100245006400117260003200181300001800213650002300231651001900254850002100273131103s9999 xx 000 0 und d aLoreto College aEnglish a824.86/RUSbLCLIB/23583 aRuskin, John 4aThe crown of wild olive & the cestus of aglaiacJohn Ruskin aLondonbdenth & sons.c1911 a217p. c 18cm aEnglish literature aenglish eassay aLCLIB/824.86/RUS